<?xml version="1.0" encoding="UTF-8"?>
<marc:record xmlns:marc="http://www.loc.gov/MARC21/slim">
   <marc:leader>00000nam a2200000 a 4500</marc:leader>
   <marc:datafield ind1="1" ind2=" " tag="100">
      <marc:subfield code="a">Osborne, Mary Pope</marc:subfield>
      <marc:subfield code="4">aut</marc:subfield>
      <marc:subfield code="e">Verfasser/-in</marc:subfield>
   </marc:datafield>
   <marc:datafield ind1=" " ind2=" " tag="653">
      <marc:subfield code="a">Sport</marc:subfield>
   </marc:datafield>
   <marc:datafield ind1=" " ind2=" " tag="653">
      <marc:subfield code="a">KInder</marc:subfield>
   </marc:datafield>
   <marc:datafield ind1=" " ind2=" " tag="653">
      <marc:subfield code="a">Abenteuer</marc:subfield>
   </marc:datafield>
   <marc:datafield ind1=" " ind2=" " tag="653">
      <marc:subfield code="a">Baumhaus</marc:subfield>
   </marc:datafield>
   <marc:datafield ind1="0" ind2="0" tag="245">
      <marc:subfield code="a">Das große Spiel</marc:subfield>
   </marc:datafield>
   <marc:datafield ind1="0" ind2="0" tag="245">
      <marc:subfield code="b">Das magische Baumhaus 54</marc:subfield>
   </marc:datafield>
   <marc:datafield ind1=" " ind2="1" tag="264">
      <marc:subfield code="b">Loewe</marc:subfield>
      <marc:subfield code="c">2018</marc:subfield>
   </marc:datafield>
   <marc:datafield ind1="1" ind2=" " tag="490">
      <marc:subfield code="a">Das magische Baumhaus</marc:subfield>
   </marc:datafield>
   <marc:datafield ind1="1" ind2=" " tag="520">
      <marc:subfield code="a">Das magische Baumhaus ist zurück. Mit einer geheimnisvollen Botschaft und verzauberten Baseballkappen reisen Anne und Philipp nach New York ins Jahr 1947. Mithilfe ihrer Kappen verwandeln sich die beiden und werden Teil eines unvergesslichen Baseballspiels. Anne und Philipp wird bald klar, dass es sich um kein gewöhnliches Spiel, sondern um ein legendäres Sportereignis handelt. Doch als Philipp seine magische Kappe verliert, droht ihre Mission zu scheitern ... Komm mit auf die Reise im magischen Baumhaus! Rätselhafte Abenteuer in fremden Welten und längst vergangenen Zeiten erwarten dich auch in den anderen Bänden. Komm mit auf die Reise im magischen Baumhaus! Rätselhafte Abenteuer in fremden Welten und längst vergangenen Zeiten erwarten dich auch in den anderen Bänden. Die beliebte Kinderbuch-Reihe von Bestsellerautorin Mary Pope Osborne! Die Geschwister Anne und Philipp reisen mit dem magischen Baumhaus durch die Zeit. Sie erleben spannende Abenteuer, entdecken ferne Länder und faszinierende Tiere und lernen viele berühmte Persönlichkeiten kennen.</marc:subfield>
   </marc:datafield>
   <marc:datafield ind1=" " ind2=" " tag="020">
      <marc:subfield code="a">9783743202092</marc:subfield>
      <marc:subfield code="9">9783743202092</marc:subfield>
   </marc:datafield>
</marc:record>
